Basic statistics relating to the Indian economy (Record no. 508138)

000 -LEADER
fixed length control field 00619nam a22001697a 4500
005 - DATE AND TIME OF LATEST TRANSACTION
control field 20190312155609.0
008 - FIXED-LENGTH DATA ELEMENTS--GENERAL INFORMATION
fixed length control field 180806b ||||| |||| 00| 0 eng d
040 ## - CATALOGING SOURCE
Transcribing agency
082 ## - DEWEY DECIMAL CLASSIFICATION NUMBER
Classification number T19065x54 B/1950-51-1978-79
100 ## - MAIN ENTRY--PERSONAL NAME
Personal name India. Ministry of Planning. Central Statistical Organisation
9 (RLIN) 195
245 ## - TITLE STATEMENT
Title Basic statistics relating to the Indian economy
Remainder of title by Cental Statistical Organisation, Ministry of Planning
260 ## - PUBLICATION, DISTRIBUTION, ETC. (IMPRINT)
Place of publication, distribution, etc Delhi
Name of publisher, distributor, etc Controller of Publications
Date of publication, distribution, etc 1980
300 ## - PHYSICAL DESCRIPTION
Extent 169p.
500 ## - GENERAL NOTE
General note Library has 1950-51-1979-80 1986,1988, 1989, 1991
653 ## - INDEX TERM--UNCONTROLLED
Uncontrolled term Economy - Statistics - India
942 ## - ADDED ENTRY ELEMENTS (KOHA)
Source of classification or shelving scheme
Item type GG
Holdings
Withdrawn status Lost status Source of classification or shelving scheme Damaged status Koha normalized classification for sorting Not for loan Permanent location Current location Date acquired Full call number Barcode Date last seen Price effective from Koha item type
        T_19065X54_B_195051197879   Indian Institute of Public Administration Indian Institute of Public Administration 2019-03-12 T19065x54 B/1950-51-1978-79 GG33687 2019-03-12 2019-03-12 GG

Powered by Koha